| 000 | 00479nam a2200145 i 4500 | ||
|---|---|---|---|
| 001 | 142269 | ||
| 003 | ES-MaACL | ||
| 007 | t| | ||
| 008 | 071004s1946 ag ||||1| spa d | ||
| 100 | 1 |
_aVilla, Julio A. _9114875 |
|
| 245 | 1 | 3 |
_aLa gran polémica _b: cronología política, militar y diplomática de la segunda guerra mundial 1939-1945 / _cJulio A. Villa. |
| 260 |
_aBuenos Aires : _bEl Quijote, _c[1946] |
||
| 300 |
_a301 p. ; _c22 cm. |
||
| 852 |
_aES-MaACL _jB-2219 _bR.29241 |
||
| 999 |
_c142269 _d142269 |
||